000 00849nas a2200289 4500
001 BR0500367
003 BR-BrBNA
005 20231205105102.0
007 ta
008 230509b bl.|||p| |||| 00| 00por d
040 _aBR-BrBNA
_bpor
_cBiblioteca Nacional de Agricultura
041 _a(Pt)
072 _aF30; H10
100 1 _aPoletti, M.
100 1 _aOmoto, C.
245 1 _aResistência de inimigos naturais a pesticidas
650 _aINSETO
650 _aÁCARO
650 _aPESTICIDA
650 _aRESISTÊNCIA A PESTICIDA
650 _aCONTROLE INTEGRADO
650 _aMELHORAMENTO GENÉTICO VEGETAL
650 _aSÃO PAULO
773 0 _tBiotecnologia Ciência e Desenvolvimento (Brazil)
_xISSN 1414-4522
_g(Jan-Jun 2003), v. 6(30) p. 16-26
_wBR0500367
909 _a202311
_bLúcia
_c55
_dLúcia Elande
942 _2AGRIS
_n0
_cANA
999 _c181164
_d181164